AH International Schools' Libraries

Normal view MARC view
  • Computer Science. GCSE

Entry Topical Term

Number of records used in: 1

001 - CONTROL NUMBER

  • control field: 86745

003 - CONTROL NUMBER IDENTIFIER

  • control field: OSt

005 - DATE AND TIME OF LATEST TRANSACTION

  • control field: 20251008103803.0

008 - FIXED-LENGTH DATA ELEMENTS

  • fixed length control field: 251008|| aca||aabn | a|a d

040 ## - CATALOGING SOURCE

  • Original cataloging agency: OSt
  • Transcribing agency: OSt

150 ## - HEADING--TOPICAL TERM

  • Topical term or geographic name as entry element: Computer Science. GCSE

670 ## - SOURCE DATA FOUND

  • Source citation: Work cat.: (OSt)49626: GCSE Computer Science :, 2016.

For any Logos Library related questions please contact Miss Art at swongnarasuk@asianhope.org.

For any Asian Hope Library related questions please contact Miss Raza at graza@asianhope.org.

Powered by Koha